000
00301nam a2200145Ia 4500
100
_a
Nilsson/J.W.
250
_a
5
942
_c
BK
654
_a
Circuits
245
_a
Electric circuit
260
_b
Addison Wesly
_a
New Delhi
_c
1996
082
_a
621.3192
_b
NIL
300
_a
983
546
_a
ENGLISH
999
_c
23492
_d
23492